|
|
|
|
| LEADER |
00000naa0a2200000 4500 |
| 001 |
600149 |
| 005 |
20250128113742.0 |
| 035 |
|
|
|a (RuTPU)RU\TPU\tpu\24379
|
| 090 |
|
|
|a 600149
|
| 100 |
|
|
|a 20140122d2002 k y0rusy50 ca
|
| 101 |
0 |
|
|a rus
|
| 102 |
|
|
|a RU
|
| 200 |
1 |
|
|a Использование программного продукта ARENA для моделирования сложных динамических систем
|f Г. П. Цапко, Е. А. Дмитриева, О. М. Дураева
|
| 333 |
|
|
|a В фонде НТБ ТПУ отсутствует
|
| 463 |
|
|
|t Современные средства и системы автоматизации
|o труды 3-ей Научно-практической конференции, Томск, 2002 г.
|v С. 320-322
|d 2002
|
| 610 |
1 |
|
|a труды учёных ТПУ
|
| 700 |
|
1 |
|a Цапко
|b Г. П.
|c специалист в области автоматики и компьютерных систем
|c профессор Томского политехнического университета, доктор технических наук
|f 1949-
|g Геннадий Павлович
|3 (RuTPU)RU\TPU\pers\22020
|
| 701 |
|
1 |
|a Дмитриева
|b Е. А.
|c специалист в области информатики и вычислительной техники
|c доцент Томского политехнического университета, кандидат технических наук
|f 1961-
|g Елена Анатольевна
|3 (RuTPU)RU\TPU\pers\28983
|4 070
|
| 701 |
|
1 |
|a Дураева
|b О. М.
|c специалист в области информатики и вычислительной техники
|c доцент Томского политехнического университета, кандидат технических наук
|f 1978-
|g Оксана Михайловна
|3 (RuTPU)RU\TPU\pers\31726
|4 070
|9 15839
|
| 801 |
|
1 |
|a RU
|b 63413507
|c 20140122
|
| 942 |
|
|
|c BK
|